000 00878nam a2200193Ia 4500
999 _c40339
_d40339
001 6947
003 GE_BSU
005 20191025112818.0
008 181216s2012||||ge |||||||||||||| ||geo||
040 _cGE_BSU
041 _ageo
080 _a811.353.1+376.2 ქ-27
245 _aქართული ჟესტური ენა.
_bტრენინგის სახელმძღვ. მეორე საფეხური რვეული ტრენინგის მონაწილეებისათვის /2012
_cრედ. თამარ ხასია.
264 _aთბილისი :
_bპეტიტი ;
_c2012.
300 _a79 გვ. :
_bილ. ;
_c30 სმ.
653 _aქართული ჟესტური ენა
700 _aხასია, თამარ
_eრედაქტორი
_95019
942 _cBK
_2udc